00464nam a2200169Ia 4500001001000000003000500010008004100015010001100056040000900067082001700076100002000093245008700113260003000200300001100230650003300241700002000274Para_1829CHAP220125s1992 xx 000 0 und d a200476 cCHAP aPA 584.9 G6y aGould, Frank W. aGramineas :b clasificación sistematica /c por Frank W. Gould y Robert B. Shaw aMéxico, DF. :b A.G.T. a381 p. aGramineas x clasificación aShaw, Robert B.